000 01008nam a2200265 a 4500
001 BRL_1450
005 20190320211218.0
008 130815s1989----mx-bo#####---#000-0#spa-#
041 _aspa
044 _amx
050 4 _aF1321
_b.B87 1989
100 1 _aBurgoa, Francisco de
_d1605-1681
_926958
245 1 0 _aGeográfica descripción de la parte septentrional del polo Ártico de la América y nueva iglesia de las indias occidentales, y el sitio astronómico de esta provincia de predicadores de antequera valle de oaxaca
_cFrancisco de Burgoa
260 _aMéxico
_bEditorial Porrúa
_c1989
300 _a2 v.
_bil., mapas
_c24 cm.
440 0 _aBiblioteca porrua
_v97-98
_926959
500 _at.1 Au1948, t.2 Au1947
500 _aIncluye índice onomástico
650 1 4 _aDominicos
_zMéxico
_926960
650 1 4 _aIndígenas de México
_zOaxaca
_926027
651 4 _aOaxaca (México)
_zDescripción y viajes
_926961
651 4 _aOaxaca (México)
_xHistoria
_926274
902 _aGRL
942 _2lcc
_cB
999 _c10260
_d10260